| 000 | 00653nam a2200205 a 4500 | ||
|---|---|---|---|
| 999 |
_c5181 _d5181 |
||
| 001 | 5181 | ||
| 003 | BD-JhCC | ||
| 005 | 20171210120017.0 | ||
| 008 | 171210s1985 bg |||| ||a| 000 0 ben d | ||
| 035 | _a(BD-JhCC)5181 | ||
| 040 |
_aBD-JhCC _dBD-JhCC |
||
| 041 | _aben | ||
| 082 |
_a615.53203 _bHOM 1985 |
||
| 245 |
_aহোমিওপ্যাথি পরিভাষা / _cডাঃ চণ্ডীপদ চক্রবর্তী (সম্পাদনা) |
||
| 260 |
_aঢাকা : _bবাংলা একাডেমী, _c1985. |
||
| 300 |
_a61 p. : _c22 cm. |
||
| 650 | _aTerminotogy of Homeeopathy | ||
| 942 |
_2ddc _cBK |
||